[Event "Wch U10 Girls"]
[Site "Pocos de Caldas"]
[Date "2017.08.28"]
[Round "7"]
[White "Weerawardana, Oneli Vihanga"]
[Black "Bontempi, Sofia Milagros"]
[Result "1/2-1/2"]
[WhiteElo "1250"]
[BlackElo "1539"]
[PlyCount "155"]
[EventDate "2017.08.22"]
[EventType "swiss"]
[EventRounds "11"]
[EventCountry "BRA"]
[SourceTitle "CBM 180 Extra"]
[Source "ChessBase"]
[SourceDate "2017.10.06"]
[SourceVersion "1"]
[SourceVersionDate "2017.10.06"]
[SourceQuality "1"]

1. d4 Nf6 2. c4 g6 3. Nc3 Bg7 4. e4 d6 5. Bd3 0-0 6. Nge2 e5 7. d5 Nbd7 8. 0-0 a6 9. h3 Rb8 10. Be3 c5 11. Qd2 Qa5 12. a3 Qc7 13. Bh6 b6 14. Ng3 Rb7 15. Qg5 Qb8 16. Bxg7 Kxg7 17. h4 Kh8 18. Be2 Ng8 19. Qe3 Ndf6 20. h5 Bg4 21. Bxg4 Nxg4 22. Qg5 N4f6 23. h6 Ne8 24. f4 exf4 25. Qxf4 Qc7 26. Qg5 Qe7 27. Qf4 Qe5 28. Qxe5+ dxe5 29. Rad1 Nd6 30. b3 Nxh6 31. Rf6 Rd8 32. Rd3 Ng4 33. Rff3 Kg7 34. Nge2 Nf6 35. Ng3 Nh5 36. Nxh5+ gxh5 37. Rg3+ Kf8 38. Rh3 b5 39. cxb5 axb5 40. Rxh5 f6 41. Rh6 Kg7 42. Rdh3 Rh8 43. R6h4 b4 44. axb4 Rxb4 45. Rg3+ Kf7 46. Rgh3 Rxb3 47. Rxh7+ Rxh7 48. Rxh7+ Ke8 49. Rh8+ Kd7 50. Rh7+ Kd8 51. Rh8+ Ne8 52. Rh3 Kd7 53. Kf1 Kc7 54. Rg3 Nd6 55. Rh3 Kb7 56. Rf3 Ne8 57. Na4 Rxf3+ 58. gxf3 c4 59. Nc3 Kb6 60. Ke2 Kc5 61. Kd2 Nd6 62. Ne2 f5 63. Nc3 Kd4 64. Ne2+ Kc5 65. Nc3 fxe4 66. fxe4 Kd4 67. Kc2 Ke3 68. Kb2 Kd3 69. Nd1 Kxe4 70. Kc3 Kxd5 71. Ne3+ Ke4 72. Ng4 Kf4 73. Nf6 e4 74. Kd4 e3 75. Nd5+ Kf3 76. Nxe3 Ke2 77. Nxc4 Nxc4 78. Kxc4 1/2-1/2